| 000 | 00417nam a2200181Ia 4500 | ||
|---|---|---|---|
| 001 | 17345 | ||
| 003 | GE_BSU | ||
| 008 | 181216s||||||||xx |||||||||||||| ||und|| | ||
| 040 | _cGE_BSU | ||
| 080 | _a811.112 | ||
| 245 | _aMittelpunkt redemittelsammlung | ||
| 260 | _c2008 | ||
| 300 | _a71p. | ||
| 541 | _h3 Л. 80 Т. | ||
| 653 | _amittelpunkt redemittelsammlung | ||
| 653 | _aქსეროქსი | ||
| 942 | _cBK | ||
| 999 |
_c50401 _d50401 |
||